| 000 | 00920nam a22002897a 4500 | ||
|---|---|---|---|
| 003 | CHAP | ||
| 005 | 20220329134557.0 | ||
| 008 | 971013s1965 r 00010 d | ||
| 010 | _a22432 | ||
| 011 | _a23404 | ||
| 035 | _a27500 | ||
| 040 | _cCHAP | ||
| 082 |
_a633.18 _bC64 |
||
| 100 | 0 | 0 |
_aComhaire, M. _925648 |
| 245 | _aRice manuring | ||
| 260 |
_aBrussels : _bCentre International d'Information et de Documentation des Producteures de Phosphate Thomas, _c1965 |
||
| 300 |
_a108 p. _b: ilus. |
||
| 590 |
_aBATCH-UPD _b10 _c20130110 _lUCH01 _h2151 |
||
| 590 |
_aBATCH-UPD _b10 _c20130410 _lUCH01 _h1459 |
||
| 590 |
_aBATCH-UPD _b10 _c20130914 _lUCH01 _h1018 |
||
| 590 |
_aCONVERSION _b10 _c20130109 _lUCH01 _h1313 |
||
| 650 | 1 | 4 |
_aArros _xFertilización. _97510 |
| 650 | 1 | 4 |
_aFertilizantes para arroz. _940602 |
| 901 | _aBK | ||
| 942 | _cLIBRO | ||
| 949 |
_a633.18 C64 _bBC _cLIBRO _d33724000209458 _eLIBRO _h22286 _i27500 _sb |
||
| 999 |
_c22432 _d22432 |
||